Management of foreign exchange risk: Theory and praxis (Record no. 37109)
[ view plain ]
| 000 -LEADER | |
|---|---|
| fixed length control field | 00334nam a2200121Ia 4500 |
| 082 ## - DEWEY DECIMAL CLASSIFICATION NUMBER | |
| Classification number | 339.74 |
| Item number | JAC |
| 100 ## - MAIN ENTRY--AUTHOR NAME | |
| Personal name | JACQUE, Laurent L |
| 245 #0 - TITLE STATEMENT | |
| Title | Management of foreign exchange risk: Theory and praxis |
| 260 ## - PUBLICATION, DISTRIBUTION, ETC. (IMPRINT) | |
| Place of publication | Toronto |
| Name of publisher | D C Heath |
| Year of publication | 1978 |
| 650 ## - SUBJECT ADDED ENTRY--TOPICAL TERM | |
| Topical Term | Foreign exchange |
| 942 ## - ADDED ENTRY ELEMENTS (KOHA) | |
| Koha item type | Books |
| Withdrawn status | Lost status | Damaged status | Not for loan | Home library | Current library | Date acquired | Full call number | Accession Number | Koha item type |
|---|---|---|---|---|---|---|---|---|---|
| RRII Library | RRII Library | 16/12/2021 | 339.74 JAC | 17497 | Books |